Statistics for Bathory albums

Click here to take the quiz!

General Stats

  • This quiz has been taken 23 times
  • The average score is 9 of 12

Answer Stats

YearAlbum% Correct
1984Bathory
100%
1987Under the Sign of the Black Mark
94%
1988Blood Fire Death
82%
1990Hammerheart
82%
1985The Return……
82%
2002Nordland I
76%
2003Nordland II
76%
1996Blood on Ice
59%
1994Requiem
59%
1991Twilight of the Gods
59%
1995Octagon
53%
2001Destroyer of Worlds
47%

Score Distribution

Percentile by Number Answered

Percent of People with Each Score

Your Score History

You have not taken this quiz